Thiết kế bài giảng Vật lí 9 : Trung học cơ sở

Sách tuân theo đúng trình tự bài giảng trong sách giáo khoa Vật lí 9 theo chương trình Trung học cơ sở mới, gồm 62 bài. Ở mỗi tiết đều chỉ rõ mục tiêu về kiến thức, kỹ năng, thái độ, các công việc cần chuẩn bị của giáo viên và học sinh, c...

Täydet tiedot

Tallennettuna:
Bibliografiset tiedot
Päätekijä: Nguyễn, Mỹ Hảo
Aineistotyyppi: Kirja
Kieli:Undetermined
Julkaistu: Hà Nội Nhà xuất bản Hà Nội 2005
Aiheet:
Tagit: Lisää tagi
Ei tageja, Lisää ensimmäinen tagi!
Thư viện lưu trữ: Trung tâm Học liệu Trường Đại học Cần Thơ
LEADER 01214nam a2200229Ia 4500
001 CTU_120179
008 210402s9999 xx 000 0 und d
020 |c 32000 
082 |a 530.01 
082 |b H108 
100 |a Nguyễn, Mỹ Hảo 
245 0 |a Thiết kế bài giảng Vật lí 9 : 
245 0 |b Trung học cơ sở 
245 0 |c Nguyễn Mỹ Hảo (Chủ biên) ; Lê Minh Hà 
260 |a Hà Nội 
260 |b Nhà xuất bản Hà Nội 
260 |c 2005 
520 |a Sách tuân theo đúng trình tự bài giảng trong sách giáo khoa Vật lí 9 theo chương trình Trung học cơ sở mới, gồm 62 bài. Ở mỗi tiết đều chỉ rõ mục tiêu về kiến thức, kỹ năng, thái độ, các công việc cần chuẩn bị của giáo viên và học sinh, các phương tiện trợ giảng cần thiết, dễ làm, nhằm đảm bảo chất lượng từng bài, từng tiết lên lớp. 
650 |a Physics,Physics 
650 |x Philosophy,Study and teaching 
904 |i Hiếu 
980 |a Trung tâm Học liệu Trường Đại học Cần Thơ